MARC

Tag First Indicator Second Indicator Subfields
LEADER 00000cam a2200000 a 4500
001 in00001298024
005 20151004085205.0
007 he bmb024baca
008 940315s1990 ohua b 000 0 eng d
035 |a (OCoLC)29967924 
035 |9 AGZ3732AM 
040 |a WK9  |c WK9  |d UtOrBLW 
049 |a TXAI 
099 |a Fiche   |a  C   |a  3276 ; ENV 6-035). 
100 1 |a Jones, Beau Fly. 
245 1 0 |a Rain forests, the lungs of the earth? :  |b [student edition] /  |c senior author Beau Fly Jones, author Margaret Tinzmann, consulting author Judie Thelen. 
264 1 |a Columbus, Ohio :  |b Zaner-Bloser,  |c [1990] 
264 4 |c ©1990 
300 |a 24 pages :  |b illustrations 
336 |a text  |b txt  |2 rdacontent 
337 |a microform  |b h  |2 rdamedia 
338 |a microfiche  |b he  |2 rdacarrier 
490 1 |a Breakthroughs--strategies for thinking 
500 |a A book about why tropical forests are needed to maintain worldwide ecological balance. 
500 |a Grades 6-12. 
533 |a Microfiche.  |b Millwood, N.Y. :  |c Kraus International Publications,  |d 1991.  |e 1 microfiche.  |f (Kraus curriculum development library ; ENV 6-035). 
500 |a "Developed in cooperation with the North Central Regional Educational Laboratory, Elmhurst, Illinois." 
500 |a Microform. 
650 0 |a Rain forest ecology  |x Study and teaching. 
650 0 |a Conservation of natural resources  |x Study and teaching. 
650 0 |a Environmental education. 
650 0 |a Critical thinking  |x Study and teaching. 
650 4 |a Conservation/preservation. 
650 4 |a Environmental impact. 
650 4 |a Interdependence. 
650 4 |a Natural environment. 
650 4 |a Natural resources. 
650 4 |a Plants. 
700 1 |a Tinzmann, Margaret Banker,  |d 1935- 
700 1 |a Thelen, Judith N. 
710 2 |a North Central Regional Educational Laboratory (U.S.) 
830 0 |a Breakthroughs--strategies for thinking. 
830 0 |a Kraus Curriculum Development library ;  |v ENV 6-035. 
999 |a MARS 
999 f f |s 76b22a23-1b97-3d6a-ba8e-6e3f46c7f69d  |i d27e381d-4719-35fa-a756-a620d7cf70bf  |t 0 
952 f f |p normal  |a Texas A&M University  |b College Station  |c Sterling C. Evans Library  |d Evans: Microforms Fiche (3rd floor)  |t 0  |e Fiche C 3276 ENV 6-035  |h Other scheme  |i microform -- microfiche  |m A14821706422 
998 f f |a Fiche C 3276 ENV 6-035  |t 0  |l Evans: Microforms Fiche (3rd floor)